La pintura de un aficionado (Record no. 176680)

MARC details
000 -LEADER
campo de control de longitud fija 00956nam a22002055i 4500
001 - NÚMERO DE CONTROL
campo de control 176680
003 - IDENTIFICADOR DE NÚMERO DE CONTROL
campo de control ES-MaACL
005 - FECHA Y HORA DE LA ÚLTIMA TRANSACCIÓN
campo de control 20230906220148.0
008 - DATOS DE LONGITUD FIJA--INFORMACIÓN GENERAL
campo de control de longitud fija 110201s2009 sp ao |||| | spa d
080 ## - NÚMERO DE LA CLASIFICACIÓN DECIMAL UNIVERSAL
Número de la Clasificación Decimal Universal 74 Sánchez-Palencia Calvo, Antonio-Julio
080 ## - NÚMERO DE LA CLASIFICACIÓN DECIMAL UNIVERSAL
Número de la Clasificación Decimal Universal 75 Sánchez-Palencia Calvo, Antonio-Julio
100 1# - ENTRADA PRINCIPAL--NOMBRE DE PERSONA
Nombre de persona Sánchez-Palencia Mancebo, Isabel.
9 (RLIN) 144185
245 13 - MENCIÓN DEL TÍTULO
Título La pintura de un aficionado
Resto del título : obra artística de Antonio-Julio Sánchez-Palencia Calvo (Mazarambroz, 1907-Toledo, 1999) /
Mención de responsabilidad, etc. Isabel Sánchez-Palencia Mancebo, Almudena Sánchez-Palencia Mancebo.
260 ## - PUBLICACIÓN, DISTRIBUCIÓN, ETC.
Lugar de publicación, distribución, etc. [Mazarambroz, Toledo] :
Nombre del editor, distribuidor, etc. Ayuntamiento de Mazarambroz,
Fecha de publicación, distribución, etc. D. L. 2009.
300 ## - DESCRIPCIÓN FÍSICA
Extensión 303 p. :
Otras características físicas il. col. y n. ;
Dimensiones 24 cm.
504 ## - NOTA DE BIBLIOGRAFÍA, ETC.
Nota de bibliografía, etc. Bibliografía: p. 301-303.
600 14 - PUNTO DE ACCESO ADICIONAL DE MATERIA--NOMBRE DE PERSONA
Nombre de persona Sánchez-Palencia Calvo, Antonio-Julio.
9 (RLIN) 144973
700 1# - ENTRADA AGREGADA--NOMBRE PERSONAL
Nombre de persona Sánchez-Palencia Mancebo, Almudena.
9 (RLIN) 144971
852 ## - LOCALIZACIÓN
Ubicación ES-MaACL
Número de control de estantería E-14149
Nota libre .- Dedicatoria y firma autógrafa de las autoras
Holdings
Estatus retirado Estado de pérdida Estado de daño No para préstamo Biblioteca de origen Biblioteca actual Ubicación en estantería Fecha de adquisición Fuente de adquisición Total de préstamos Signatura topográfica completa Código de barras Visto por última vez Precio de reemplazo Tipo de ítem Koha
        Biblioteca del Ateneo de Madrid Biblioteca del Ateneo de Madrid Depósito 2 01/02/2011     E-14149 1185553 23/02/2023 23/02/2023 Libro impreso